=LDR 00000nam 2200000 4500 =001 INLIS000000000008710 =005 20150124114623.0 =006 =007 =008 aInd =035 ##$$0010-061300000008710 =041 ##$$a aInd =082 ##$$a 658.15 =090 ##$$a 658.15, wes m /Jil 1 =100 ##$$a weston, J. Fred =245 ##$$a Manajemen Keuangan; J.Fred Weston; aAlih Babasa, Drs.A.Jaka Wasana MSM =260 ##$$a 1995 $b Jakarta =300 ##$$a 666 hlm, ilus, 21 cm =650 ##$$a Manajemen Keuangan =700 ##$$a Wasana SMS, A.Jaka =850 ##$$a NBPNMAT